NBA Trivia - Statistics

General Stats
  • This quiz has been taken 882 times
  • The average score is 10 of 25
Answer Stats
Hint Answer % Correct
How many 3-pointers did Yao Ming make in his career? 2
70%
Who was the only player to ever average a triple-double for a season? Oscar Robertson
69%
Which player missed the most shots in NBA history? Kobe Bryant
68%
Who had the most rebounds in a game (55)? Wilt Chamberlain
66%
What's the NBA record for most overtimes played in one game? 6
64%
Which player has the largest shoe size in NBA history (24-EEE)? Shaquille O'Neal
59%
How many teams did the NBA begin with? 11
51%
Which player is the all-time leader in blocks? Hakeem Olajuwon
46%
Which player took the most shots in NBA history? Kareem Abdul-Jabbar
46%
Which player once killed a lion? Manute Bol
46%
Which player had 317 career technical fouls? Rasheed Wallace
46%
What year was the NBA founded in? 1946
44%
The tallest and shortest NBA players (7'7 and 5'3) were together on which team? Washington Bullets
41%
Who holds the record for most assists in one game (30)? Scott Skiles
37%
Which player was stabbed 11 times and still played the entire season afterwards? Paul Pierce
35%
Which NBA team had the most losses in a season? Philadelphia 76ers
35%
Who holds the record for most steals in a playoff game (10)? Allen Iverson
30%
Who won the NBA's first MVP award? Bob Pettit
30%
Which player was almost an olympic swimmer? Tim Duncan
25%
Which team holds the record for largest margin of victory in a game (+68)? Cleveland Cavaliers
17%
What team lost 13 games in a row then won 10 games in a row? Phoenix Suns
16%
In what city was the first NBA game held? Toronto
15%
Which player holds the record for best career free-throw percentage (90.4%)? Mark Price
12%
Which player was arrested 15 times before he was 15 years old? Caron Butler
11%
Who was the first player to dunk? Bob Kurland
3%
No matching quizzes found
Score Distribution
Percent of People with Each Score
Percentile by Number Answered
Your Score History
You have not taken this quiz